U.S. States that have an A in their name - Statistics

General Stats
  • This quiz has been taken 38 times
    20 since last reset
  • The average score is 32 of 36
Answer Stats
# of A's Answer % Correct
2 Arizona
100%
2 California
100%
3 Alaska
94%
3 Arkansas
94%
1 Florida
94%
1 Georgia
94%
2 Hawaii
94%
1 Idaho
94%
2 Indiana
94%
2 Louisiana
94%
2 Massachusetts
94%
1 Minnesota
94%
2 North Carolina
94%
2 South Carolina
94%
1 Washington
94%
4 Alabama
88%
1 Colorado
88%
2 Delaware
88%
1 Iowa
88%
2 Kansas
88%
1 Maine
88%
2 Montana
88%
2 Nevada
88%
1 New Hampshire
88%
2 North Dakota
88%
2 South Dakota
88%
1 Texas
88%
1 Virginia
88%
2 Maryland
82%
1 Michigan
82%
2 Oklahoma
82%
2 Pennsylvania
82%
1 Utah
82%
1 West Virginia
82%
2 Nebraska
76%
1 Rhode Island
76%
No matching quizzes found
Score Distribution
Percent of People with Each Score
Percentile by Number Answered
Your Score History
You have not taken this quiz since the last reset